| 000 | 01215nam a2200241 a 4500 | ||
|---|---|---|---|
| 001 | 000045523 | ||
| 005 | 20240307174645.0 | ||
| 008 | 150413s2012 dr 000 0 spa d | ||
| 020 | _a9789945443875 | ||
| 040 |
_aDO-SdBNP _bspa _cBNPHU |
||
| 245 | 0 | 0 |
_aDuarte revisitado (1813-2013) / _cJuan Daniel Balcácer, José Chez Checo, Jorge Tena Reyes, Orlando Inoa, José Miguel Soto Jiménez. |
| 260 |
_aSanto Domingo : _bBanco Central de la República Dominicana, _c2012. |
||
| 300 |
_a290 p. ; _c23 cm. |
||
| 490 | 1 |
_aBanco Central de la República Dominicana _v181 _aciencias Sociales _n8 |
|
| 504 | _aIncluye referencias bibliográficas y notas al pie de las páginas | ||
| 505 | 0 | _aLas cartas patrióticas de Juan Pablo Duarte --Duarte y la independencia plena -- La República de Juan Pablo Duarte, un proyecto frustrado -- Juan Pablo Duarte , su última batalla, padre de la patria -- Duarte de carne y hueso | |
| 700 | 1 | 2 |
_aInoa, Orlando _95784 |
| 700 | 1 | 2 |
_aTena Reyes,Jorge _98252 |
| 700 | 1 | 2 |
_aInoa, Orlando _95784 |
| 700 | 1 | 2 |
_aSoto Jiménez, José Miguel, _d1956- _911668 |
| 700 | 1 | 2 |
_aChez Checo, José, _d1949- _910145 |
| 830 | 0 |
_aBanco Central de la República Dominicana _pciencias Sociales _v181/8 _973580 |
|
| 999 |
_c45012 _d45012 |
||